000 00395nam a2200157Ia 4500
008 230917s9999||||xx |||||||||||||| ||und||
040 _e169627
_aMAIN
041 _aEnglish
082 _a658.3 N68F
100 _aNoe, Raymond A
245 0 _aFundamentals of human resource management
250 _a2nd ed.
260 _aNew Delhi
_bTata McGraw-Hill
_c2007
300 _a594 p.
942 _cBK
999 _c136874
_d136874